000 00490nam a2200193Ia 4500
005 20240913125242.0
008 240913s9999||||xx |||||||||||||| ||und||
020 _a0-8247-1955-7
041 _aENGLISH
082 _A621.3 N0
100 _aArun G Phadke Ed.
245 0 _aHandbook of Electrical Engineering Calculations
250 _a1st
260 _c1999
_bElectrical Engg and Electr
500 _aREFERENCE
650 _aElectrical
_bElectrical
942 _cREF
999 _c245148
_d245148